Технические средства и методика разведки месторождений полезных ископаемых

Podrobná bibliografie
Hlavní autor: Авдонин В. В. Виктор Васильевич
Jazyk:ruština
Vydáno: Москва, Изд-во МГУ, 1994
Témata:
Médium: Kniha
KOHA link:https://koha.lib.tpu.ru/cgi-bin/koha/opac-detail.pl?biblionumber=28675

MARC

LEADER 00000nam0a2200000 4500
001 28675
005 20231030202930.0
010 |a 5211030664 
035 |a (RuTPU)RU\TPU\book\28932 
035 |a BOOK00029007 
090 |a 28675 
100 |a 20011209d1994 m y0rusy50 ca 
101 0 |a rus 
102 |a RU 
105 |a y j 001zy 
200 1 |a Технические средства и методика разведки месторождений полезных ископаемых  |f В. В. Авдонин 
210 |a Москва  |c Изд-во МГУ  |d 1994 
215 |a 208 с. 
320 |a Библиогр.: с. 206. 
610 1 |a геология 
610 1 |a полезные ископаемые 
610 1 |a месторождения 
610 1 |a поиск 
610 1 |a разведка 
610 1 |a технические средства 
610 1 |a учебные пособия 
675 |a 550.8(075.8)  |v 3 
700 1 |a Авдонин  |b В. В.  |g Виктор Васильевич 
801 0 |a RU  |b 63413507  |c 20011209  |g PSBO 
801 2 |a RU  |b 63413507  |c 20141006  |g PSBO 
942 |c BK